00333 2200145 4500001002100000005001500021035002000036245003100056100001900087300001200106260003500118082000800153084001400161990001200175INLIS00000000000235720250528111302 a0010-05250006491 aPalomino /cDanielle Steel0 aDanielle Steel a483 hlm aJakarta :bPT. Gramedia,c2005 a813 a813 DAN p a0712648